Kursus protokol dan etiket sosial : 9 - 12 Mac 2015

Bibliographic Details
Corporate Authors: Kursus protokol dan etiket sosial, INSPEN ( Institut Penilaian Negara )
Format: Book
Language:Malay
Published: Bangi : Institut Penilaian Negara , 2015
Subjects:

MARC

LEADER 00000cam a2200000 7i4500
001 0000027262
005 20170124.0
008 170124 my a may
040 |a INS 
090 0 0 |a K64 
110 1 |a Kursus protokol dan etiket sosial ,   |d 2015 9 - 12 Mac   |c INSPEN, Bangi 
245 0 0 |a Kursus protokol dan etiket sosial :   |b 9 - 12 Mac 2015   |c Anjuran Pusat Pengurusan dan Teknologi Maklumat, INSPEN 
260 |a Bangi :   |b Institut Penilaian Negara ,   |c 2015 
300 |a 1v. ( Various paging ) :   |b ill. ;   |c 30 cm. 
650 0 |a Diplomatic etiquette   |z Malaysia 
650 0 |a Etiquette   |z Malaysia 
650 0 |a Government etiquette   |z Malaysia 
650 0 |a Precedence   |z Malaysia 
710 1 |a INSPEN ( Institut Penilaian Negara ) 
999 |a K000000181   |b BOOK   |c Course Notes   |e Default branch 
999 |a K000000182   |b BOOK   |c Course Notes   |e Default branch 
999 |a K000000194   |b BOOK   |c Course Notes   |e Default branch